O menino que falava com Deus (Record no. 70486)

MARC details
000 -LÍDER
campo de controle de tamanho fixo 00392 a2200169 4500
001 - NÚMERO DE CONTROLE
campo de controle 70486
020 ## - ISBN - INTERNATIONAL STANDARD BOOK NUMBER
ISBN - International Standard Book Number 8577526755
040 ## - FONTE DA CATALOGAÇÃO
Instituição que transcreveu o registro Anchieta - Itaigara
100 ## - ENTRADA PRINCIPAL--NOME PESSOAL
Nome pessoal Paula, Eudson de
240 10 - TÍTULO UNIFORME
Título uniforme O menino que falava com Deus
Idioma da obra por
245 10 - TÍTULO
Título O menino que falava com Deus
300 ## - DESCRIÇÃO FÍSICA
Extensão 16
362 0# - DATAS DE PUBLICAÇÃO E/OU DESIGNAÇÃO SEQUENCIAL
Datas de publicação e/ou designação sequencial 2009
440 #1 - DECLARAÇÃO DE SÉRIE/ENTRADA ADICIONADA--TÍTULO
Título Construir
650 #4 - ASSUNTO--TERMO TÓPICO
Cabeçalho tópico ou nome geográfico Literatura infanto-juvenil
942 ## - ELEMENTOS DE ENTRADA ADICIONADOS (KOHA)
Tipo de material Koha Livros
Holdings
Situação do descarte Situação das perdas Situação física Não pode ser emprestado Biblioteca de origem Biblioteca atual Data de aquisição Total de empréstimos Número de chamada completo Código de barras Data de último acesso Data do preço efetivo Tipo de material Koha
        Colégio São Paulo Colégio São Paulo 21/11/2023   028.5 PAU MEN 3947/ITA 21/11/2023 21/11/2023 Livros